<?xml version="1.0" encoding="UTF-8"?>
<marc:record xmlns:marc="http://www.loc.gov/MARC21/slim">
   <marc:leader>00000nam a2200000 a 4500</marc:leader>
   <marc:datafield ind1="1" ind2=" " tag="100">
      <marc:subfield code="a">Koch, Ulrike</marc:subfield>
      <marc:subfield code="4">ctb</marc:subfield>
      <marc:subfield code="e">Mitwirkende/-r</marc:subfield>
   </marc:datafield>
   <marc:datafield ind1="0" ind2="0" tag="245">
      <marc:subfield code="a">Die Salzmänner von Tibet</marc:subfield>
   </marc:datafield>
   <marc:datafield ind1="0" ind2="0" tag="245">
      <marc:subfield code="b">Mit einem Interview mit der Regisseurin, Reisebildern, Musikhinweisen. Tibetische Originalfassung, dt., engl., franz., span. und holländ. Untertitel</marc:subfield>
   </marc:datafield>
   <marc:datafield ind1="0" ind2="0" tag="245">
      <marc:subfield code="c">Regie von Ulrike Koch</marc:subfield>
   </marc:datafield>
   <marc:datafield ind1=" " ind2="1" tag="264">
      <marc:subfield code="a">Berlin</marc:subfield>
      <marc:subfield code="b">Absolut Medien</marc:subfield>
      <marc:subfield code="c">2004</marc:subfield>
   </marc:datafield>
   <marc:datafield ind1=" " ind2=" " tag="250">
      <marc:subfield code="a">1. Aufl.</marc:subfield>
   </marc:datafield>
   <marc:datafield ind1="1" ind2=" " tag="520">
      <marc:subfield code="a">Seit uralten Zeiten leben die Dropkas, Hirtennomaden in Nordtibet, auf dem Hochplateau des Himalaya. Ihr Wohnsitz befindet sich auf 4500 Metern Höhe am Fuße des Nyenchen Tanglha, einem der vier heiligsten Berge Tibets. Jeden Frühling machen sich vier Männer der Dropkas auf den langen Weg zu den Salzseen. Nur um diese Jahreszeit können sie damit rechnen, daß die Erde sich nicht in Schlamm verwandelt und die Hochebene begehbar ist. Ulrike Koch ist es nach achtjähriger Recherche gelungen, die Salzmänner auf ihrer Reise zu begleiten. Der Film dokumentiert in faszinierenden Bildern die von tiefer Religiosität und Respekt vor der Natur geprägte Tradition der Salzmänner zu reisen und mit dem "Weißen Gold" Tibets - dem Rohstoff Salz - umzugehen. Und er zeigt, wie sehr die unermeßliche kulturelle Vielfalt Tibets durch das Vorrücken moderner Technologie bedroht ist.</marc:subfield>
   </marc:datafield>
   <marc:datafield ind1=" " ind2=" " tag="020">
      <marc:subfield code="a">9783898487528</marc:subfield>
      <marc:subfield code="9">9783898487528</marc:subfield>
   </marc:datafield>
   <marc:datafield ind1=" " ind2=" " tag="020">
      <marc:subfield code="a">3898487520</marc:subfield>
      <marc:subfield code="9">3898487520</marc:subfield>
   </marc:datafield>
   <marc:datafield ind1=" " ind2=" " tag="041">
      <marc:subfield code="a">ger</marc:subfield>
   </marc:datafield>
</marc:record>
